000
00332 a2200145 4500
001
59904
020
_a
8575567047
040
_c
Anchieta - Pituba
100
_a
Oliveira, Luciano Dias
240
1
0
_a
A princesa de Babilônia
_l
por
245
1
0
_a
A princesa de Babilônia
300
_a
93
650
4
_a
Ficção francesa
942
_c
BK
999
_c
59904
_d
59904